Cultura y desorden mental : (Record no. 40509)
[ view plain ]
| 000 -LEADER | |
|---|---|
| fixed length control field | 00982nam a22002177a 4500 |
| 008 - FIXED-LENGTH DATA ELEMENTS--GENERAL INFORMATION | |
| fixed length control field | 130826t mx||||| |||| 00| 0 spa d |
| 020 ## - INTERNATIONAL STANDARD BOOK NUMBER | |
| International Standard Book Number | 9789680303236 |
| 050 04 - LIBRARY OF CONGRESS CALL NUMBER | |
| Classification number | GN270 |
| Item number | P46 2008 |
| 245 10 - TITLE STATEMENT | |
| Title | Cultura y desorden mental : |
| Remainder of title | miradas desde la etnopsiquiatría y el etnopsicoanálisis |
| Statement of responsibility, etc | / Francisco de la Peña, coordinador. |
| 250 ## - EDITION STATEMENT | |
| Edition statement | Primera edición. |
| 260 ## - PUBLICATION, DISTRIBUTION, ETC. (IMPRINT) | |
| Place of publication, distribution, etc | México : |
| Name of publisher, distributor, etc | Instituto Nacional de Antropología e Historia ; Escuela Nacional de Antropología e Historia : Consejo Nacional para Cultura y las Artes, |
| Date of publication, distribution, etc | 2008. |
| 300 ## - PHYSICAL DESCRIPTION | |
| Extent | 178 p. : |
| Dimensions | 23 cm. |
| 504 ## - BIBLIOGRAPHY, ETC. NOTE | |
| Bibliography, etc | Incluye índice y bibliografía. |
| 650 #7 - SUBJECT ADDED ENTRY--TOPICAL TERM | |
| Source of heading or term | LEMB |
| Topical term or geographic name as entry element | Etnopsicología |
| 650 #7 - SUBJECT ADDED ENTRY--TOPICAL TERM | |
| Source of heading or term | LEMB |
| Topical term or geographic name as entry element | Psiquiatría cultural |
| 650 #7 - SUBJECT ADDED ENTRY--TOPICAL TERM | |
| Source of heading or term | LEMB |
| Topical term or geographic name as entry element | Etnopsiquiatría |
| 710 1# - ADDED ENTRY--CORPORATE NAME | |
| Corporate name or jurisdiction name as entry element | México : |
| Subordinate unit | Instituto Nacional de Antropología e Historia |
| 710 1# - ADDED ENTRY--CORPORATE NAME | |
| Corporate name or jurisdiction name as entry element | México : |
| Subordinate unit | Escuela Nacional de Antropología e Historia |
| 710 1# - ADDED ENTRY--CORPORATE NAME | |
| Corporate name or jurisdiction name as entry element | México : |
| Subordinate unit | Programa de mejoramiento del Profesorado (promeP) |
| 942 ## - ADDED ENTRY ELEMENTS (KOHA) | |
| Source of classification or shelving scheme | Biblioteca del Cogreso de los Estados Unidos |
| Koha item type | Libro |
| Estado de pérdida | Fuente de clasificación | Estado del daño | No para préstamo | Ubicación permanente | Ubicación actual | Apartado o colección | Fecha de adquisición | Dependencia de educación superior (DES) | Área del conocimiento | Clasificación | Código de Barras | Date last seen | Número de copia | Tipo de recurso | Nota pública | Enumeración de Serie / Cronológica |
|---|---|---|---|---|---|---|---|---|---|---|---|---|---|---|---|---|
| Biblioteca del Cogreso de los Estados Unidos | Biblioteca de la Facultad de Psicología | Biblioteca de la Facultad de Psicología | General | 10/07/2014 | RC455.4.E8 C85 2008 | BFP000009565 | 16/01/2015 | 1 | Libro | BFP000009565 | ||||||
| Biblioteca del Cogreso de los Estados Unidos | Biblioteca del Instituto de Investigaciones Históricas | Biblioteca del Instituto de Investigaciones Históricas | General | 26/08/2013 | GN270 P46 2008 | IIH000010314 | 26/08/2013 | C:1 | Libro | GENERAL |